Statistics for Countries with the Most Captive Dolphins

Click here to take the quiz!

General Stats

  • This quiz has been taken 10 times
  • The average score is 8 of 10

Answer Stats

Number of DolphinsCountry% Correct
37Australia
100%
707China
100%
497Japan
100%
400United States
100%
240Mexico
90%
146Russia
70%
81Cuba
60%
104Spain
60%
63Dominican Republic
50%
94Bahamas
30%

Score Distribution

Percentile by Number Answered

Percent of People with Each Score

Your Score History

You have not taken this quiz